Ajuste robusto de controladores PI de 2GdL por modelo de referencia para su salida

Guardado en:
Bibliografiske detaljer
Hovedforfatter: Morales Rojas, Diego
Format: Bog
Sprog:Spanish
Udgivet: 2013
Fag:
Tags: Tilføj Tag
Ingen Tags, Vær først til at tagge denne postø!

MARC

LEADER 00000nam a22000007a 4500
003 011811
005 20221231144118.0
007 ta
008 161010b2013 cr a|||| |||| 00| ||spa d
040 |a cru CEDI   |c cru CEDI  
090 |a TFG 6980 
100 |9 5383  |a Morales Rojas, Diego 
245 |a Ajuste robusto de controladores PI de 2GdL por modelo de referencia para su salida 
260 |c 2013 
300 |a  x, 33 pg̀inas : ilustraciones  
500 |a  A la cabeza de la portada: Universidad de Costa Rica. Facultad de Ingeniera̕. Escuela de Ingeniera̕ Elčtrica--"IE-0499 Proyecto elčtrico"  
650 |x CONTROLADORES PID  |x CONTROL AUTOMATICO  |x CONTROLADORES LOGICOS PROGRAMABLES  |9 5385 
942 |c TFG 
999 |c 17068  |d 17068